header

The virtue of faith and other essays in philosophical theology (Record no. 3809)

MARC details
000 -LEADER
fixed length control field 01181nam a2200313Ia 4500
100 1# - MAIN ENTRY--AUTHOR NAME
Personal name Adams, Robert Merrihew.
245 14 - TITLE STATEMENT
Title The virtue of faith and other essays in philosophical theology
260 ## - PUBLICATION, DISTRIBUTION, ETC. (IMPRINT)
Place of publication New York :
Name of publisher Oxford University Press,
Year of publication 1987.
300 ## - PHYSICAL DESCRIPTION
Number of Pages 270 p.
650 #0 - SUBJECT ADDED ENTRY--TOPICAL TERM
Topical Term Religion
Topical Term Ethics.
856 40 - ELECTRONIC LOCATION AND ACCESS
Uniform Resource Identifier http://site.ebrary.com/lib/rucke/Doc?id=10279243

No items available.

© 2026 Rongo University
Contact us: librarian | system librarian | Rongo university